History of the United States Military Prison, (Record no. 92166)

MARC details
000 -LEADER
fixed length control field 00921cam a22002531 4500
001 - CONTROL NUMBER
control field war11000011
003 - CONTROL NUMBER IDENTIFIER
control field DLC
005 - DATE AND TIME OF LATEST TRANSACTION
control field 20260227112809.0
008 - FIXED-LENGTH DATA ELEMENTS--GENERAL INFORMATION
fixed length control field 760630s1911 ksu f000 0 eng c
010 ## - LIBRARY OF CONGRESS CONTROL NUMBER
LC control number war11000011
035 ## - SYSTEM CONTROL NUMBER
System control number (OCoLC)2289705
040 ## - CATALOGING SOURCE
Original cataloging agency War College Div. General Staff
Transcribing agency PPi
Modifying agency DLC
042 ## - AUTHENTICATION CODE
Authentication code premarc
043 ## - GEOGRAPHIC AREA CODE
Geographic area code n-us-ks
-- n-us---
050 00 - LIBRARY OF CONGRESS CALL NUMBER
Classification number UB803
Item number .S5
100 1# - MAIN ENTRY--PERSONAL NAME
Personal name Shindler, Henry,
Dates associated with a name 1854-
Relator term comp.
245 00 - TITLE STATEMENT
Title History of the United States Military Prison,
Statement of responsibility, etc. by Henry Shindler.
260 ## - PUBLICATION, DISTRIBUTION, ETC.
Place of publication, distribution, etc. [Fort Leavenworth, Kan.]
Name of publisher, distributor, etc. Army Service School Press,
Date of publication, distribution, etc. 1911.
300 ## - PHYSICAL DESCRIPTION
Extent 3 p. l., [2] p., 1 l., 124 p.
Other physical details pl., ports. (incl. front.)
Dimensions 21 cm.
500 ## - GENERAL NOTE
General note Cover-title reads: History U.S. military prison 1871 to 1910.
610 20 - SUBJECT ADDED ENTRY--CORPORATE NAME
Corporate name or jurisdiction name as entry element United States Penitentiary in Leavenworth, Kansas
General subdivision History.
650 #0 - SUBJECT ADDED ENTRY--TOPICAL TERM
Topical term or geographic name entry element Prisons
Geographic subdivision Kansas
-- Leavenworth
General subdivision History.
651 #0 - SUBJECT ADDED ENTRY--GEOGRAPHIC NAME
Geographic name Leavenworth (Kan.)
General subdivision History.

No items available.

Powered by Koha